Nota pasada a la Comisión de Crédito Público, demostrando que pueden disponerse de mil millones de bienes nacionales para premiar a los que se distingan con hechos notables y resarcir los daños causados por la guerra civil / (Record no. 152034)

MARC details
000 -LEADER
campo de control de longitud fija 01172nam a2200217 i 4500
001 - NÚMERO DE CONTROL
campo de control 152034
003 - IDENTIFICADOR DE NÚMERO DE CONTROL
campo de control ES-MaACL
005 - FECHA Y HORA DE LA ÚLTIMA TRANSACCIÓN
campo de control 20240510213343.0
008 - DATOS DE LONGITUD FIJA--INFORMACIÓN GENERAL
campo de control de longitud fija 931025s1837 sp |||| | spa d
100 1# - ENTRADA PRINCIPAL--NOMBRE DE PERSONA
Nombre de persona Bertrán de Lis, Vicente.
9 (RLIN) 28504
245 10 - MENCIÓN DEL TÍTULO
Título Nota pasada a la Comisión de Crédito Público, demostrando que pueden disponerse de mil millones de bienes nacionales para premiar a los que se distingan con hechos notables y resarcir los daños causados por la guerra civil /
Mención de responsabilidad, etc. por Vicente Bertrán de Lis.
246 34 - FORMA VARIANTE DEL TITULO
Título propio/Titulo breve Sobre la aplicación de mil millones de bienes nacionales para premiar a los que se distingan en la presente lucha
260 ## - PUBLICACIÓN, DISTRIBUCIÓN, ETC.
Lugar de publicación, distribución, etc. Madrid :
Nombre del editor, distribuidor, etc. [s.n.],
Fecha de publicación, distribución, etc. 1837 (
Fabricante Imp. de la Compañía Tipográfica)
300 ## - DESCRIPCIÓN FÍSICA
Extensión 32 p. ;
Dimensiones 19 cm.
530 ## - NOTA DISPONIBLE DE FORMULARIO FÍSICO ADICIONAL
Nota de formato físico adicional disponible Disponible en formato digital.
650 00 - PUNTO DE ACCESO ADICIONAL DE MATERIA--TÉRMINO DE MATERIA
Término de materia o nombre geográfico como elemento de entrada Hacienda pública-
Subdivisión geográfica España-
Subdivisión cronológica S.XIX
9 (RLIN) 227084
651 #4 - PUNTO DE ACCESO ADICIONAL DE MATERIA--NOMBRE GEOGRÁFICO
Nombre geográfico España-
Subdivisión general Historia-
Subdivisión cronológica 1833-1840, Guerra carlista
9 (RLIN) 8250
852 ## - LOCALIZACIÓN
Ubicación ES-MaACL
Número de control de estantería T-23-F-1
Nota libre - Enc. hol., falto de la enc. orignal
-- - Enc. en un vol. facticio
856 ## - LOCALIZACIÓN Y ACCESO ELECTRÓNICOS
Identificador Uniforme de Recursos <a href="http://bdh-rd.bne.es/viewer.vm?id=0000163855&page=1 ">http://bdh-rd.bne.es/viewer.vm?id=0000163855&page=1 </a>
Nota pública Biblioteca Digital Hispánica
Holdings
Estatus retirado Estado de pérdida Estado de daño No para préstamo Colección Biblioteca de origen Biblioteca actual Ubicación en estantería Fecha de adquisición Total de préstamos Signatura topográfica completa Código de barras Visto por última vez Precio de reemplazo Tipo de ítem Koha
        Colección de folletos Biblioteca del Ateneo de Madrid Biblioteca del Ateneo de Madrid Depósito folletos 17/01/2008   T-23-F-1 1158696 23/02/2023 23/02/2023 Folleto